Deutschland: Geografie mit S - Statistiken

Allgemein
  • Dieses Quiz wurde 704 mal gespielt
  • Das Durchschnittsergebnis liegt bei 12 aus 18
Antwortstatistiken
Hinweis Antwort % Korrekt
Landeshauptstadt von Baden-Württemberg Stuttgart
99%
Bundesland, dessen Name auch in zwei weiteren Bundesländern vorkommt Sachsen
97%
Nordseeinsel, die über den Hindenburgdamm mit dem Festland verbunden ist Sylt
90%
Zwischen mehreren Seen gelegene Hauptstadt eines norddeutschen Bundeslandes Schwerin
82%
Historische Landschaft in Südwestdeutschland, zu der Stuttgart und Augsburg gehören und nach der die dort gesprochene Mundart benannt ist Schwaben
81%
Beispiele für diese Bauwerke sind Bellevue, Sanssouci oder Neuschwanstein Schloss
80%
Stadtteil von Hamburg, der für sein Vergnügungsviertel und seinen Fußbllverein bekannt ist St. Pauli
78%
Am Ende der Ostseebucht Schlei gelegene Stadt, die ihrem Bundesland einen Teil seines Namens gegeben hat Schleswig
74%
Kulturlandschaft in Brandenburg, die für Kähne und Gurken bekannt ist {Spree}wald
73%
Mit einer Höhe von bis zu 1493 Metern (Feldberg) ist dieses Gebirge das höchste deutsche Mittelgebirge Schwarzwald
69%
Stadt im Südwesten des Saarlandes, deren Name sich aus einem Fluss und einem französischen Vornamen zusammensetzt Saarlouis
60%
Stadt im Südosten von NRW, in der der Maler Peter Paul Rubens geboren wurde Siegen
49%
Als der bayerische König Ludwig II. dort ertrank, hieß der See noch Würmsee {Starnberger} See
49%
Nicht genau abgegrenzte Mittelgebirgsregion in Westfalen, in der Städte wie Lüdenscheid und Meschede liegen Sauerland
45%
Größter See Niedersachsens {Steinhuder} Meer
37%
Mittelgebirge in Südhessen und Nordbayern, in dem ein Wirtshaus aus einem alten Film steht Spessart
36%
Autofreie ostfriesische Insel mit ca. 840 Einwohnern, auf der Touristen mit einer Pferdebahn fahren können Spiekeroog
36%
Stadtteil von München, der als Bohème- und Szene-Viertel gilt Schwabing
32%
Keine übereinstimmenden Quizze gefunden
Verteilung der Resultate
Anzahl Personen mit jedem Resultat
Perzentil nach korrekt beantworteten Fragen
Ihre Resultats-Entwicklung
Sie haben dieses Quiz noch nicht gespielt